书目信息 |
| 题名: |
结构工程师基础数学和力学
|
|
| 作者: | 袁海军 编写 | |
| 分册: | ||
| 出版信息: | 武汉 中国建材工业出版社 2000.04 |
|
| 页数: | 163页 | |
| 开本: | 16开 | |
| 丛书名: | ||
| 单 册: | ||
| 中图分类: | O342 | |
| 科图分类: | ||
| 主题词: | 固体力学 | |
| 电子资源: | ||
| ISBN: | 7-80090-993-X | |
| 000 | 00582nam0 2200193 45 | |
| 001 | 0007221008 | |
| 005 | 20010307103905.9 | |
| 010 | @a7-80090-993-X@d19.80元 | |
| 100 | @a20000722d2000 km y0chiy0120 ea | |
| 101 | 0 | @achi |
| 105 | @a z 000yy | |
| 200 | 1 | @a结构工程师基础数学和力学@AJie Gou Gong Cheng Shi Ji Chu Shu Xue He Li Xue@f袁海军 编写@FYuan Hai Jun Bian Xie |
| 210 | @a武汉@c中国建材工业出版社@d2000.04 | |
| 215 | @a163页@d16开 | |
| 606 | 0 | @a固体力学 |
| 690 | @aO342@v3 | |
| 701 | 0 | @a袁海军@4编写 |
| 801 | @aCN@bPftUser@c20000722 | |
| 905 | @dO342@eY346@b327088-092@f5 | |
| 结构工程师基础数学和力学/袁海军 编写.-武汉:中国建材工业出版社,2000.04 |
| 163页;16开 |
| ISBN 7-80090-993-X:19.80元 |
| ● |
| 相关链接 |
|
|
|
正题名:结构工程师基础数学和力学
索取号:O342/Y346
 
预约/预借
| 序号 | 登录号 | 条形码 | 馆藏地/架位号 | 状态 | 备注 |
| 1 | 327088 | 203270888 | 自科二线504/504自科库 48排5列1层/ [索取号:O342/Y346] | 在馆 | |
| 2 | 327089 | 203270897 | 自科库401/401自科库 52排5列1层/ [索取号:O342/Y346] | 在馆 | |
| 3 | 327090 | 203270904 | 自科库401/401自科库 52排5列1层/ [索取号:O342/Y346] | 在馆 | |
| 4 | 327091 | 203270913 | 自科二线504/504自科库 48排5列1层/ [索取号:O342/Y346] | 在馆 | |
| 5 | 327092 | 203270922 | 自科二线504/504自科库 48排4列3层/ [索取号:O342/Y346] | 在馆 |